000 00423pab a2200169 454500
008 180718b2011 xxu||||| |||| 00| 0 eng d
100 _aBoyatzis,Richard E.
245 _aA behavioral approach to emotional social and cognitive intelligence
260 _c2011
300 _ap.91-100.
362 _aJun
650 _aEmotional development
650 _aLeadership
773 _aVision
908 _aN
909 _a94862
999 _c94862
_d94862